[Event "American Continental 13th"]
[Site "Medellin"]
[Date "2017.06.17"]
[Round "10"]
[White "Alzate, Dario"]
[Black "Chumpitaz Carbajal, Ann"]
[Result "1-0"]
[WhiteElo "2362"]
[BlackElo "2163"]
[PlyCount "43"]
[EventDate "2017.06.10"]
[EventType "swiss"]
[EventRounds "11"]
[EventCountry "COL"]
[SourceTitle "CBM 178 Extra"]
[Source "ChessBase"]
[SourceDate "2017.06.22"]
[SourceVersion "1"]
[SourceVersionDate "2017.06.22"]
[SourceQuality "1"]

1. d4 Nf6 2. c4 e6 3. Nc3 Bb4 4. Qc2 d5 5. cxd5 exd5 6. Bg5 h6 7. Bh4 0-0 8. e3 Nbd7 9. Bd3 c5 10. Nf3 c4 11. Be2 Re8 12. Nd2 Qa5 13. 0-0 b6 14. Bf3 Bxc3 15. bxc3 Qa6 16. a4 Bb7 17. Qb2 Bc6 18. Nxc4 Ne4 19. Nd2 Bxa4 20. Nxe4 dxe4 21. Be2 b5 22. Rxa4 1-0

[Event "American Continental 13th"]
[Site "Medellin"]
[Date "2017.06.12"]
[Round "4"]
[White "Alzate, Dario"]
[Black "Chang, Suzana"]
[Result "1-0"]
[WhiteElo "2362"]
[BlackElo "2127"]
[PlyCount "39"]
[EventDate "2017.06.10"]
[EventType "swiss"]
[EventRounds "11"]
[EventCountry "COL"]
[SourceTitle "CBM 178 Extra"]
[Source "ChessBase"]
[SourceDate "2017.06.22"]
[SourceVersion "1"]
[SourceVersionDate "2017.06.22"]
[SourceQuality "1"]

1. e4 c5 2. Nf3 e6 3. d4 cxd4 4. Nxd4 Nc6 5. Nc3 Qc7 6. g3 a6 7. Bg2 Nf6 8. 0-0 h5 9. Nf3 Ng4 10. Bf4 d6 11. Qe2 Be7 12. Rad1 Bd7 13. Rd2 Nce5 14. h3 Nf6 15. Nxe5 dxe5 16. Bg5 0-0-0 17. Rfd1 Bc6 18. Rxd8+ Bxd8 19. Bf3 g6 20. Rxd8+ 1-0

[Event "American Continental 13th"]
[Site "Medellin"]
[Date "2017.06.11"]
[Round "3"]
[White "Franco Valencia, Beatriz Irene"]
[Black "Alzate, Dario"]
[Result "1-0"]
[WhiteElo "2173"]
[BlackElo "2362"]
[PlyCount "61"]
[EventDate "2017.06.10"]
[EventType "swiss"]
[EventRounds "11"]
[EventCountry "COL"]
[SourceTitle "CBM 178 Extra"]
[Source "ChessBase"]
[SourceDate "2017.06.22"]
[SourceVersion "1"]
[SourceVersionDate "2017.06.22"]
[SourceQuality "1"]

1. d4 Nf6 2. c4 e6 3. Nf3 b6 4. a3 Bb7 5. e3 Be7 6. Bd3 0-0 7. Nbd2 c5 8. 0-0 cxd4 9. exd4 d5 10. b3 Nbd7 11. Qe2 Rc8 12. Bb2 Rc7 13. Ne5 Nxe5 14. dxe5 Nd7 15. f4 dxc4 16. Nxc4 Nc5 17. Bc2 g6 18. Rfd1 Qa8 19. Nd6 Bd5 20. b4 Nd7 21. Rac1 Bxd6 22. exd6 Rc4 23. Ba4 Nc5 24. Rxc4 Nxa4 25. Ba1 Qd8 26. Rxd5 exd5 27. Qe5 f6 28. Qxd5+ Kh8 29. d7 Qe7 30. Re4 Qd8 31. Qc6 1-0

[Event "Medellin Flores op 19th"]
[Site "Medellin"]
[Date "2013.08.03"]
[Round "1"]
[White "Alzate, Dario"]
[Black "Escobar Medina, Andres F"]
[Result "1-0"]
[WhiteElo "2365"]
[BlackElo "2086"]
[PlyCount "119"]
[EventDate "2013.08.03"]
[EventType "swiss"]
[EventRounds "9"]
[EventCountry "COL"]
[SourceTitle "CBM 155 Extra"]
[Source "ChessBase"]
[SourceDate "2013.08.26"]
[SourceVersion "1"]
[SourceVersionDate "2013.08.26"]
[SourceQuality "1"]

1. Nf3 d5 2. d4 Nc6 3. Bf4 Bg4 4. e3 Nf6 5. h3 Bh5 6. c4 dxc4 7. Bxc4 e6 8. Nc3 Bd6 9. Bxd6 cxd6 10. d5 exd5 11. Nxd5 0-0 12. 0-0 Rc8 13. Be2 Re8 14. Nf4 Bg6 15. Nxg6 hxg6 16. Qb3 Na5 17. Qa3 Qb6 18. Rac1 d5 19. b3 Rxc1 20. Rxc1 Nc6 21. Qb2 Re4 22. Kh1 a5 23. a3 Re8 24. Rd1 Nd8 25. Nd4 Ne6 26. Nxe6 fxe6 27. Qc2 g5 28. Rc1 e5 29. Qg6 Qd6 30. e4 d4 31. Bc4+ Kh8 32. a4 Rf8 33. Rd1 Qc6 34. Qxg5 Qxe4 35. f3 Nh7 36. Qh5 Qf5 37. Qxf5 Rxf5 38. Re1 Nf8 39. Bd3 Rh5 40. f4 Nd7 41. Bb5 Nc5 42. fxe5 d3 43. e6 d2 44. Rd1 Ne4 45. Kg1 Re5 46. Bc4 g6 47. g3 Ng5 48. Kg2 Nxe6 49. Rxd2 Nc5 50. Kf3 Kg7 51. Rd6 Rf5+ 52. Ke3 Rh5 53. h4 Rf5 54. g4 Rf6 55. Rxf6 Kxf6 56. Kd4 Nd7 57. g5+ Kf5 58. Bd3+ Kg4 59. Bxg6 Kxh4 60. Bf5 1-0

[Event "COL-ch"]
[Site "El Bagre"]
[Date "2010.07.01"]
[Round "9"]
[White "Alzate, Dario"]
[Black "Escobar Forero, Alder"]
[Result "0-1"]
[WhiteElo "2384"]
[BlackElo "2474"]
[PlyCount "152"]
[EventDate "2010.06.25"]
[EventType "tourn"]
[EventRounds "11"]
[EventCountry "COL"]
[EventCategory "5"]
[SourceTitle "CBM 137 Extra"]
[Source "ChessBase"]
[SourceDate "2010.09.01"]
[SourceVersion "1"]
[SourceVersionDate "2010.09.01"]
[SourceQuality "1"]

1. d4 Nf6 2. c4 d6 3. Nc3 Nbd7 4. e4 e5 5. d5 Nc5 6. f3 a5 7. Be3 Be7 8. Qd2 h6 9. 0-0-0 Nh5 10. Nge2 Bg5 11. g4 Bxe3 12. Qxe3 Nf6 13. h4 c6 14. Ng3 a4 15. Kb1 g6 16. dxc6 bxc6 17. Qd2 Nb7 18. Be2 Be6 19. g5 hxg5 20. hxg5 Rxh1 21. Rxh1 Nd7 22. Nd5 Nf8 23. Nf6+ Ke7 24. Ng8+ Kd7 25. Nf6+ Kc7 26. Rh8 Nc5 27. f4 exf4 28. Qxf4 Kb7 29. Qd2 Qc7 30. Qb4+ Ka7 31. e5 Rd8 32. Kc1 Rb8 33. exd6 Qxd6 34. Qa5+ Kb7 35. Qb4+ Ka6 36. Qxa4+ Kb6 37. Qb4+ Kc7 38. Qa5+ Kb7 39. Qb4+ Kc8 40. Qd2 Kc7 41. Qa5+ Kb7 42. Nge4 Nxe4 43. Nxe4 Qf4+ 44. Nd2 Nd7 45. Qb4+ Kc7 46. Qa5+ Kd6 47. Qa3+ c5 48. Rxb8 Nxb8 49. Qa7 Nc6 50. Qb6 Qxg5 51. Bf3 Bd7 52. b4 cxb4 53. Kb2 Qe5+ 54. Kb3 Qc3+ 55. Ka4 Qxd2 56. c5+ Ke7 57. Bxc6 Qxa2+ 58. Kb5 Qe2+ 59. Kxb4 Qd2+ 60. Kb5 Qd3+ 61. Ka5 Qa3+ 62. Kb5 Qb3+ 63. Ka6 Qxb6+ 64. Kxb6 Be6 65. Bg2 f5 66. c6 Kd6 67. c7 f4 68. Bf1 f3 69. Bc4 Bc8 70. Bd3 g5 71. Be4 f2 72. Bg2 g4 73. Bf1 Kd5 74. Ka7 Kd4 75. Kb8 Bf5 76. Bg2 Ke3 0-1

[Event "COL-ch"]
[Site "El Bagre"]
[Date "2010.06.27"]
[Round "4"]
[White "Alzate, Dario"]
[Black "Barrientos Chavarriaga, Sergio E"]
[Result "0-1"]
[WhiteElo "2384"]
[BlackElo "2477"]
[PlyCount "102"]
[EventDate "2010.06.25"]
[EventType "tourn"]
[EventRounds "11"]
[EventCountry "COL"]
[EventCategory "5"]
[SourceTitle "CBM 137 Extra"]
[Source "ChessBase"]
[SourceDate "2010.09.01"]
[SourceVersion "1"]
[SourceVersionDate "2010.09.01"]
[SourceQuality "1"]

1. d4 Nf6 2. c4 e6 3. Nc3 Bb4 4. Nf3 b6 5. g3 Bb7 6. Bg2 0-0 7. 0-0 Bxc3 8. bxc3 d6 9. Bg5 Nbd7 10. Nd2 Bxg2 11. Kxg2 h6 12. Bxf6 Nxf6 13. e4 e5 14. f4 Qe7 15. Qf3 Rae8 16. Rae1 Nd7 17. Qd3 c5 18. fxe5 dxe5 19. d5 Rd8 20. Rf5 g6 21. Rf2 Nf6 22. Nf1 Ne8 23. Ne3 Kg7 24. Ref1 h5 25. a4 Nd6 26. a5 bxa5 27. Ra1 h4 28. g4 h3+ 29. Kxh3 Rh8+ 30. Kg2 Qh4 31. Kg1 Qg5 32. Rxa5 Rh4 33. Ra6 Qe7 34. h3 Rb8 35. Rfa2 Rb3 36. Ng2 Rh8 37. Rxa7 Qg5 38. Rf2 Qc1+ 39. Rf1 Rxc3 40. Qe2 Qh6 41. Qf2 Kh7 42. Qf6 Rxh3 43. Qxd6 Rh1+ 44. Kf2 Qd2+ 45. Kg3 Rxf1 46. Qxc5 Rb8 47. Qe3 Qc2 48. Kh2 Rb3 49. Qg5 Rb2 50. Qh4+ Kg7 51. Qg3 Qxe4 0-1

[Event "American Continental 04th"]
[Site "Cali"]
[Date "2007.07.14"]
[Round "5"]
[White "Cordova, Emilio"]
[Black "Alzate, Dario"]
[Result "1-0"]
[WhiteElo "2492"]
[BlackElo "2392"]
[PlyCount "61"]
[EventDate "2007.07.10"]
[EventType "swiss"]
[EventRounds "11"]
[EventCountry "COL"]
[SourceTitle "CBM 119 Extra"]
[Source "ChessBase"]
[SourceDate "2007.09.04"]
[SourceVersion "1"]
[SourceVersionDate "2007.09.04"]
[SourceQuality "1"]

1. d4 Nf6 2. Nf3 e6 3. g3 d5 4. Bg2 Be7 5. c4 0-0 6. Qc2 dxc4 7. Qxc4 a6 8. Bf4 Nd5 9. Bd2 b5 10. Qc2 Bb7 11. 0-0 Ra7 12. e4 Nb4 13. Qb3 c5 14. Bxb4 cxb4 15. Qe3 Qb6 16. Nbd2 Ba8 17. Rac1 Rd7 18. Rfd1 Rfd8 19. Nf1 Bf6 20. Rd2 g6 21. Rcd1 Qc7 22. h4 Nc6 23. Bh3 Re7 24. h5 Ree8 25. N1h2 Bg7 26. hxg6 hxg6 27. Ng4 Ne7 28. Nh6+ Bxh6 29. Qxh6 Nf5 30. exf5 exf5 31. Ng5 1-0

[Event "American Continental 04th"]
[Site "Cali"]
[Date "2007.07.11"]
[Round "2"]
[White "Alzate, Dario"]
[Black "Gulko, Boris F"]
[Result "1/2-1/2"]
[WhiteElo "2392"]
[BlackElo "2576"]
[PlyCount "45"]
[EventDate "2007.07.10"]
[EventType "swiss"]
[EventRounds "11"]
[EventCountry "COL"]
[SourceTitle "CBM 119 Extra"]
[Source "ChessBase"]
[SourceDate "2007.09.04"]
[SourceVersion "1"]
[SourceVersionDate "2007.09.04"]
[SourceQuality "1"]

1. d4 Nf6 2. Nf3 e6 3. Bg5 c5 4. e3 cxd4 5. exd4 Be7 6. Bd3 b6 7. Nc3 Bb7 8. Qe2 Nc6 9. a3 h6 10. Bf4 g5 11. Be3 Rc8 12. d5 Na5 13. Bd4 Rxc3 14. Bxc3 Bxd5 15. 0-0 Qc7 16. Nd4 Kf8 17. Rfe1 Nc6 18. Nb5 Qf4 19. Bxf6 Bxf6 20. c4 Bxg2 21. Kxg2 Ne5 22. Kh1 Ke7 23. Rad1 1/2-1/2

[Event "American Continental 04th"]
[Site "Cali"]
[Date "2007.07.10"]
[Round "1"]
[White "Bermudez Barrera, Eduardo"]
[Black "Alzate, Dario"]
[Result "0-1"]
[WhiteElo "2138"]
[BlackElo "2392"]
[PlyCount "76"]
[EventDate "2007.07.10"]
[EventType "swiss"]
[EventRounds "11"]
[EventCountry "COL"]
[SourceTitle "CBM 119 Extra"]
[Source "ChessBase"]
[SourceDate "2007.09.04"]
[SourceVersion "1"]
[SourceVersionDate "2007.09.04"]
[SourceQuality "1"]

1. g3 Nf6 2. Bg2 d5 3. d3 c6 4. Nd2 Bg4 5. Ngf3 Nbd7 6. e4 e6 7. 0-0 Bc5 8. Qe2 a5 9. e5 Ng8 10. h3 Bh5 11. a4 Ne7 12. c3 Ba7 13. Re1 h6 14. Nf1 Qc7 15. Kh1 Nc5 16. b4 axb4 17. cxb4 Nb3 18. Rb1 Nd4 19. Qd1 Bxf3 20. Bxf3 Nxf3 21. Qxf3 Bd4 22. Qf4 Bc3 23. Bd2 Bxd2 24. Qxd2 Rxa4 25. f4 0-0 26. g4 f6 27. d4 fxe5 28. fxe5 Ng6 29. Qc2 Qf7 30. Nh2 Ra3 31. Rf1 Nf4 32. h4 Qg6 33. Qxg6 Nxg6 34. Rxf8+ Kxf8 35. h5 Nh4 36. b5 cxb5 37. Kg1 Rg3+ 38. Kf1 Rg2 0-1

[Event "American Continental 03rd"]
[Site "Buenos Aires"]
[Date "2005.08.11"]
[Round "6"]
[White "Akobian, Varuzhan"]
[Black "Alzate, Dario"]
[Result "1-0"]
[WhiteElo "2558"]
[BlackElo "2415"]
[PlyCount "107"]
[EventDate "2005.08.06"]
[EventType "swiss"]
[EventRounds "11"]
[EventCountry "ARG"]
[SourceTitle "CBM 109"]
[Source "ChessBase"]
[SourceDate "2005.11.14"]
[SourceVersion "1"]
[SourceVersionDate "2005.11.14"]
[SourceQuality "1"]

1. d4 Nf6 2. c4 e6 3. Nc3 Bb4 4. Qc2 0-0 5. a3 Bxc3+ 6. Qxc3 d6 7. Nf3 Nbd7 8. e3 c5 9. Be2 b6 10. b4 Bb7 11. 0-0 Qe7 12. Bb2 Rfd8 13. Rfd1 Rac8 14. Qb3 Rc7 15. a4 cxb4 16. Qxb4 Nb8 17. Ba3 Ne4 18. Rac1 Rdc8 19. Bd3 Qd7 20. a5 Nc6 21. Qb1 Nxa5 22. Bxe4 Bxe4 23. Qxe4 Nxc4 24. Ng5 g6 25. Ra1 a5 26. Qh4 f5 27. d5 e5 28. Ne6 Rb7 29. h3 b5 30. Rdc1 Rbb8 31. Kh2 Nb6 32. e4 b4 33. Bb2 Nc4 34. exf5 Nxb2 35. f6 Nd3 36. Rxc8+ Rxc8 37. Ng5 Rf8 38. Rxa5 h5 39. Ne6 Rb8 40. Qe4 Nf4 41. Nxf4 Qf5 42. Qxf5 gxf5 43. Nxh5 b3 44. Ra1 Kf7 45. g4 Kg6 46. Kg2 Rb4 47. f3 f4 48. Rb1 b2 49. h4 Rb3 50. Kf2 Rb6 51. Ke2 Rb3 52. Kd2 Rxf3 53. Rxb2 e4 54. Rb7 1-0

[Event "Olympiad-36"]
[Site "Mallorca"]
[Date "2004.10.20"]
[Round "6"]
[White "Berg, Emanuel"]
[Black "Alzate, Dario"]
[Result "1-0"]
[WhiteElo "2529"]
[BlackElo "2427"]
[PlyCount "71"]
[EventDate "2004.10.15"]
[EventType "team-swiss"]
[EventRounds "14"]
[EventCountry "ESP"]
[SourceTitle "CBM 104"]
[Source "ChessBase"]
[SourceDate "2005.01.27"]
[SourceVersion "1"]
[SourceVersionDate "2005.01.27"]
[SourceQuality "1"]
[WhiteTeam "Sweden"]
[BlackTeam "Columbia"]
[WhiteTeamCountry "SWE"]
[BlackTeamCountry "COL"]

1. e4 c5 2. Nf3 d6 3. d4 cxd4 4. Nxd4 Nf6 5. Nc3 a6 6. Be3 e5 7. Nb3 Be7 8. f3 Be6 9. Qd2 0-0 10. 0-0-0 Qc7 11. g4 Rc8 12. g5 Nh5 13. Kb1 Nd7 14. Nd5 Bxd5 15. exd5 g6 16. Bh3 Bf8 17. Bg4 Nf4 18. c3 Re8 19. Bxf4 exf4 20. Bxd7 Qxd7 21. Qxf4 Bg7 22. Nd2 b5 23. Ne4 Re5 24. h4 Rc8 25. h5 Rc4 26. Rh4 Rexe4 27. fxe4 b4 28. hxg6 hxg6 29. Rdh1 Qe7 30. Qh2 Qe5 31. Qxe5 Bxe5 32. cxb4 Rxb4 33. b3 a5 34. Rc1 Rb8 35. Rc4 f6 36. Rh6 1-0

[Event "American Continental 02nd"]
[Site "Buenos Aires"]
[Date "2003.08.21"]
[Round "4"]
[White "Arenas, Sergio"]
[Black "Alzate, Dario"]
[Result "0-1"]
[WhiteElo "2155"]
[BlackElo "2426"]
[PlyCount "40"]
[EventDate "2003.08.17"]
[EventType "swiss"]
[EventRounds "11"]
[EventCountry "ARG"]
[SourceTitle "CBM 097"]
[Source "ChessBase"]
[SourceDate "2003.11.11"]
[SourceVersion "1"]
[SourceVersionDate "2003.11.11"]
[SourceQuality "1"]

1. e4 c5 2. b4 cxb4 3. a3 Nf6 4. e5 Nd5 5. axb4 d6 6. d4 dxe5 7. c4 Nf6 8. dxe5 Qxd1+ 9. Kxd1 Ng4 10. Be3 Nxe3+ 11. fxe3 Nc6 12. Nc3 Bg4+ 13. Kc1 e6 14. h3 Bf5 15. g4 Be4 16. Rh2 Be7 17. Bg2 Bxg2 18. Rxg2 Nxe5 19. Rb1 a5 20. Kc2 Rd8 0-1

[Event "American Continental 02nd"]
[Site "Buenos Aires"]
[Date "2003.08.19"]
[Round "3"]
[White "Alzate, Dario"]
[Black "Morgado, Juan Sebastian"]
[Result "1-0"]
[WhiteElo "2426"]
[BlackElo "2275"]
[PlyCount "59"]
[EventDate "2003.08.17"]
[EventType "swiss"]
[EventRounds "11"]
[EventCountry "ARG"]
[SourceTitle "CBM 097"]
[Source "ChessBase"]
[SourceDate "2003.11.11"]
[SourceVersion "1"]
[SourceVersionDate "2003.11.11"]
[SourceQuality "1"]

1. d4 Nf6 2. Nf3 d5 3. c4 e6 4. Nc3 c5 5. cxd5 exd5 6. g3 Nc6 7. Bg2 Be7 8. 0-0 0-0 9. Bg5 cxd4 10. Nxd4 h6 11. Be3 Re8 12. Qb3 Na5 13. Qc2 Bg4 14. Nf5 Rc8 15. Bd4 Bb4 16. Ne3 Be6 17. Qa4 Be7 18. Rad1 Bd7 19. Qc2 Nc6 20. Bxf6 Bxf6 21. Nexd5 Be5 22. Rd2 Qa5 23. Rfd1 Be6 24. Qb1 Qc5 25. Ne4 Qf8 26. Nf4 Bf5 27. Nf6+ Bxf6 28. Qxf5 Rcd8 29. Be4 Qb4 30. Rxd8 1-0

[Event "American Continental 02nd"]
[Site "Buenos Aires"]
[Date "2003.08.18"]
[Round "2"]
[White "Granda Zuniga, Julio E"]
[Black "Alzate, Dario"]
[Result "1-0"]
[WhiteElo "2641"]
[BlackElo "2426"]
[PlyCount "101"]
[EventDate "2003.08.17"]
[EventType "swiss"]
[EventRounds "11"]
[EventCountry "ARG"]
[SourceTitle "CBM 097"]
[Source "ChessBase"]
[SourceDate "2003.11.11"]
[SourceVersion "1"]
[SourceVersionDate "2003.11.11"]
[SourceQuality "1"]

1. Nf3 Nf6 2. c4 e6 3. g3 b6 4. d4 Ba6 5. b3 d5 6. Bg2 Bb4+ 7. Bd2 Be7 8. cxd5 exd5 9. 0-0 0-0 10. Ne5 c6 11. Bc3 Bb7 12. Nd2 Nbd7 13. Nd3 a5 14. a4 Re8 15. Bb2 Bf8 16. Rc1 Rc8 17. Rc2 Nb8 18. Nf3 Na6 19. Nfe5 Nb4 20. Nxb4 Bxb4 21. Qc1 Qd6 22. Qf4 Qe7 23. Rfc1 Bd6 24. Qf5 Bxe5 25. dxe5 Nd7 26. f4 Rcd8 27. Rxc6 Bxc6 28. Rxc6 Nb8 29. Rc1 Na6 30. h4 Nc5 31. Qg4 d4 32. Kh2 f6 33. exf6 Qxf6 34. f5 Qe5 35. e3 Qxe3 36. f6 Qh6 37. Bxd4 Rxd4 38. f7+ Kxf7 39. Rf1+ Kg8 40. Qxd4 Kh8 41. Qe5 Qe6 42. Qxe6 Nxe6 43. Re1 Kg8 44. Bc6 Re7 45. Bd5 Kf7 46. g4 Kf6 47. g5+ Kf5 48. Bg2 Kg4 49. Bh3+ Kxh4 50. g6 hxg6 51. Rxe6 1-0

[Event "Cali op-A"]
[Site "Cali"]
[Date "2002.12.20"]
[Round "1"]
[White "Torres, Jaiberth"]
[Black "Alzate, Dario"]
[Result "0-1"]
[WhiteElo "2221"]
[BlackElo "2432"]
[PlyCount "46"]
[EventDate "2002.11.19"]
[EventType "swiss"]
[EventRounds "8"]
[EventCountry "COL"]
[SourceTitle "EXT 2004"]
[Source "ChessBase"]
[SourceDate "2003.11.25"]
[SourceVersion "1"]
[SourceVersionDate "2003.11.25"]
[SourceQuality "1"]

1. e4 c5 2. Nf3 d6 3. d4 cxd4 4. Nxd4 e6 5. Nc3 a6 6. g3 Nc6 7. Bg2 Bd7 8. 0-0 Nf6 9. a4 Be7 10. Nb3 Qc7 11. h3 Ne5 12. g4 h6 13. Qe2 g5 14. f4 gxf4 15. Bxf4 0-0-0 16. Rf2 Rdg8 17. Raf1 Rg6 18. Nd2 Be8 19. Nf3 Nfd7 20. Nxe5 Nxe5 21. Be3 Bh4 22. Rf4 Rhg8 23. Bd4 h5 0-1

[Event "Olympiad-35"]
[Site "Bled"]
[Date "2002.11.10"]
[Round "14.2"]
[White "Mossong, Hubert"]
[Black "Alzate, Dario"]
[Result "1/2-1/2"]
[WhiteElo "2200"]
[BlackElo "2432"]
[PlyCount "104"]
[EventDate "2002.10.26"]
[EventType "team-swiss"]
[EventRounds "14"]
[EventCountry "SLO"]
[SourceTitle "EXT 2003"]
[Source "ChessBase"]
[SourceDate "2002.11.25"]
[SourceVersion "1"]
[SourceVersionDate "2002.11.25"]
[SourceQuality "1"]
[WhiteTeam "Luxembourg"]
[BlackTeam "Columbia"]
[WhiteTeamCountry "LUX"]
[BlackTeamCountry "COL"]

1. e4 e6 2. d4 d5 3. Nc3 Bb4 4. exd5 exd5 5. Bd3 Nc6 6. Nge2 Nge7 7. 0-0 Bg4 8. f3 Bf5 9. Be3 Qd7 10. a3 Bxc3 11. Nxc3 0-0 12. Re1 Rfe8 13. Qd2 Bxd3 14. Qxd3 Nf5 15. Bf2 Nce7 16. Re2 Ng6 17. Rae1 Rxe2 18. Qxe2 c6 19. a4 h5 20. Qd2 f6 21. Nd1 Kf7 22. Ne3 Nge7 23. b3 Nxe3 24. Qxe3 Nf5 25. Qd3 h4 26. Re2 g6 27. Re1 Re8 28. Rxe8 Qxe8 29. Kf1 Qb8 30. Kg1 Qf4 31. Qd1 g5 32. h3 Ne7 33. Qe1 Qc7 34. Qc3 Nf5 35. Qd3 Ke6 36. Qe2+ Kd7 37. Qd3 Qf4 38. Qd1 Ne3 39. Qd2 Nf5 40. Qxf4 gxf4 41. Kf1 Ng3+ 42. Ke1 b6 43. Kd2 Ke6 44. Kd3 Kf5 45. a5 Kg5 46. a6 Nf5 47. c4 Ne3 48. Bxe3 fxe3 49. cxd5 cxd5 50. Kxe3 f5 51. f4+ Kf6 52. Kf3 Kg6 1/2-1/2

[Event "Olympiad-35"]
[Site "Bled"]
[Date "2002.11.08"]
[Round "13.2"]
[White "Marin, Mihail"]
[Black "Alzate, Dario"]
[Result "1-0"]
[WhiteElo "2556"]
[BlackElo "2432"]
[PlyCount "97"]
[EventDate "2002.10.26"]
[EventType "team-swiss"]
[EventRounds "14"]
[EventCountry "SLO"]
[SourceTitle "EXT 2003"]
[Source "ChessBase"]
[SourceDate "2002.11.25"]
[SourceVersion "1"]
[SourceVersionDate "2002.11.25"]
[SourceQuality "1"]
[WhiteTeam "Romania"]
[BlackTeam "Columbia"]
[WhiteTeamCountry "ROU"]
[BlackTeamCountry "COL"]

1. c4 e5 2. g3 Nf6 3. Bg2 c6 4. d4 exd4 5. Qxd4 Na6 6. Nf3 d5 7. 0-0 Nb4 8. cxd5 Qxd5 9. Nc3 Qxd4 10. Nxd4 Bc5 11. a3 Nbd5 12. Nxd5 Nxd5 13. Nb5 a6 14. e4 axb5 15. exd5 cxd5 16. Re1+ Be6 17. Bxd5 0-0 18. Bxe6 fxe6 19. Be3 Be7 20. Rad1 b4 21. Rd7 Rf7 22. axb4 Bxb4 23. Red1 Re8 24. R7d3 Rc7 25. Rb3 Bf8 26. Rb5 Rec8 27. Kg2 h6 28. h4 Rf7 29. Rd3 Kh7 30. Rdb3 Rcc7 31. Rb6 e5 32. R3b5 e4 33. h5 Rcd7 34. Kh3 Bd6 35. Kg4 Bb8 36. Re6 Rde7 37. Rxe7 Rxe7 38. Kf5 Kg8 39. Rd5 Kf7 40. Bc5 Rc7 41. Bb6 Re7 42. Bc5 Rc7 43. Kxe4 b5 44. b4 Rb7 45. Kf5 Ke8 46. Kg6 Ba7 47. Re5+ Kd8 48. Bxa7 Rxa7 49. Rxb5 1-0

[Event "Olympiad-35"]
[Site "Bled"]
[Date "2002.11.07"]
[Round "12.2"]
[White "Alzate, Dario"]
[Black "Podlesnik, Bogdan"]
[Result "1-0"]
[WhiteElo "2432"]
[BlackElo "2385"]
[PlyCount "55"]
[EventDate "2002.10.26"]
[EventType "team-swiss"]
[EventRounds "14"]
[EventCountry "SLO"]
[SourceTitle "EXT 2003"]
[Source "ChessBase"]
[SourceDate "2002.11.25"]
[SourceVersion "1"]
[SourceVersionDate "2002.11.25"]
[SourceQuality "1"]
[WhiteTeam "Columbia"]
[BlackTeam "Slovenia III"]
[WhiteTeamCountry "COL"]
[BlackTeamCountry "SLO"]

1. d4 Nf6 2. Nf3 e6 3. c4 b6 4. g3 Ba6 5. b3 d5 6. cxd5 exd5 7. Bg2 Bb4+ 8. Bd2 Bxd2+ 9. Nbxd2 Qe7 10. Ne5 Qb4 11. Nef3 Qe7 12. Ne5 Qb4 13. e3 0-0 14. Qc2 Qd6 15. Nd3 Nbd7 16. 0-0 c5 17. Rac1 Rac8 18. Qb1 cxd4 19. exd4 Ne4 20. Nxe4 dxe4 21. Bxe4 Qxd4 22. Rfe1 Rxc1 23. Nxc1 Nf6 24. Bf3 Ng4 25. Qc2 Ne5 26. Bg2 Rc8 27. Qe4 Rxc1 28. Rxc1 1-0